[Event "Tournoi International du Pays de Charleroi 2018"]
[Site "Roux, Belgium"]
[Date "2018.08.03"]
[Round "8.31"]
[White "Timmermans, Daniel"]
[Black "Barbier, Sigiswald"]
[Result "0-1"]
[WhiteElo "1908"]
[BlackElo "2117"]

1. d4 {[%clk 01:25:10]} {[%emt 00:05:48]} Nf6 {[%clk 01:30:46]} {[%emt
00:00:14]} 2. c4 {[%clk 01:25:08]} {[%emt 00:00:33]} e6 {[%clk 01:31:10]}
{[%emt 00:00:06]} 3. a3 {[%clk 01:25:21]} {[%emt 00:00:18]} c5 {[%clk
01:25:08]} {[%emt 00:06:32]} 4. e3 {[%clk 01:25:40]} {[%emt 00:00:10]} b6
{[%clk 01:21:01]} {[%emt 00:04:38]} 5. Nc3 {[%clk 01:24:00]} {[%emt 00:02:09]}
Bb7 {[%clk 01:17:03]} {[%emt 00:04:29]} 6. Qc2 {[%clk 01:22:00]} {[%emt
00:02:29]} cxd4 {[%clk 01:14:22]} {[%emt 00:03:12]} 7. exd4 {[%clk 01:21:18]}
{[%emt 00:01:11]} g6 {[%clk 01:14:21]} {[%emt 00:00:32]} 8. Bg5 {[%clk
01:17:26]} {[%emt 00:04:21]} Bg7 {[%clk 01:08:47]} {[%emt 00:15:21]} 9. Nf3
{[%clk 01:13:42]} O-O {[%clk 01:05:49]} 10. Bd3 {[%clk 01:02:44]} {[%emt
00:09:53]} Bxf3 {[%clk 01:03:11]} {[%emt 00:03:08]} 11. gxf3 {[%clk 01:02:53]}
{[%emt 00:00:21]} d5 {[%clk 01:03:33]} {[%emt 00:00:08]} 12. cxd5 {[%clk
00:54:05]} {[%emt 00:09:18]} exd5 {[%clk 01:01:58]} {[%emt 00:02:06]} 13. Ne2
{[%clk 00:50:03]} {[%emt 00:04:31]} Qd7 {[%clk 00:57:13]} {[%emt 00:05:16]} 14.
Rc1 {[%clk 00:49:36]} {[%emt 00:00:57]} Qh3 {[%clk 00:56:23]} {[%emt 00:01:19]}
15. Ng3 {[%clk 00:40:35]} {[%emt 00:09:31]} h5 {[%clk 00:38:20]} {[%emt
00:18:33]} 16. Bf1 {[%clk 00:25:07]} {[%emt 00:15:58]} Qe6+ {[%clk 00:36:49]}
{[%emt 00:02:01]} 17. Be3 {[%clk 00:25:18]} {[%emt 00:00:19]} h4 {[%clk
00:29:47]} {[%emt 00:07:32]} 18. Ne2 {[%clk 00:25:22]} {[%emt 00:00:26]} Nh5
{[%clk 00:30:13]} {[%emt 00:00:04]} 19. Qd2 {[%clk 00:20:50]} {[%emt 00:05:03]}
Nc6 {[%clk 00:29:29]} {[%emt 00:01:13]} 20. Rxc6 {[%clk 00:20:09]} {[%emt
00:01:11]} Qxc6 {[%clk 00:29:54]} {[%emt 00:00:06]} 21. Bh3 {[%clk 00:20:26]}
{[%emt 00:00:12]} Rfe8 {[%clk 00:27:24]} {[%emt 00:03:00]} 22. O-O {[%clk
00:20:31]} {[%emt 00:00:25]} f5 {[%clk 00:24:10]} {[%emt 00:03:43]} 23. Bg5
{[%clk 00:14:40]} {[%emt 00:06:22]} Bf6 {[%clk 00:23:57]} {[%emt 00:00:44]} 24.
Nc3 {[%clk 00:13:33]} {[%emt 00:01:36]} Bxg5 {[%clk 00:22:12]} {[%emt
00:02:15]} 25. Qxg5 {[%clk 00:13:53]} {[%emt 00:00:10]} Qf6 {[%clk 00:22:40]}
{[%emt 00:00:02]} 26. Qd2 {[%clk 00:13:45]} {[%emt 00:00:38]} Rad8 {[%clk
00:22:50]} {[%emt 00:00:20]} 27. Re1 {[%clk 00:12:21]} {[%emt 00:01:54]} Rxe1+
{[%clk 00:22:05]} {[%emt 00:01:15]} 28. Qxe1 {[%clk 00:12:49]} {[%emt
00:00:02]} Nf4 {[%clk 00:20:48]} {[%emt 00:01:47]} 29. Bf1 {[%clk 00:13:17]}
{[%emt 00:00:02]} Kf7 {[%clk 00:20:40]} {[%emt 00:00:38]} 30. Qd2 {[%clk
00:13:28]} {[%emt 00:00:19]} g5 {[%clk 00:19:42]} {[%emt 00:01:29]} 31. Ne2
{[%clk 00:12:46]} {[%emt 00:01:11]} Nxe2+ {[%clk 00:18:30]} {[%emt 00:01:42]}
32. Bxe2 {[%clk 00:12:35]} {[%emt 00:00:41]} Qc6 {[%clk 00:16:37]} {[%emt
00:02:22]} 33. Qd3 {[%clk 00:10:24]} {[%emt 00:02:41]} Kf6 {[%clk 00:16:05]}
{[%emt 00:01:03]} 34. Qa6 {[%clk 00:08:08]} {[%emt 00:02:46]} Rd7 {[%clk
00:15:23]} {[%emt 00:01:13]} 35. h3 {[%clk 00:04:48]} {[%emt 00:03:49]} Re7
{[%clk 00:14:36]} {[%emt 00:01:17]} 36. Qd3 {[%clk 00:01:21]} {[%emt 00:03:56]}
Qc1+ {[%clk 00:13:16]} {[%emt 00:01:50]} 37. Kg2 {[%clk 00:01:50]} {[%emt
00:00:02]} Qxb2 {[%clk 00:13:39]} {[%emt 00:00:07]} 38. Bd1 {[%clk 00:01:40]}
{[%emt 00:00:40]} Qc1 {[%clk 00:13:18]} {[%emt 00:00:51]} 39. Bc2 {[%clk
00:01:21]} {[%emt 00:00:49]} Qf4 {[%clk 00:13:40]} {[%emt 00:00:07]} 40. Kf1
{[%clk 00:00:46]} {[%emt 00:01:05]} Rc7 {[%clk 00:11:45]} {[%emt 00:02:25]} 41.
Ba4 {[%clk 00:22:20]} {[%emt 00:08:57]} Qh2 {[%clk 00:29:50]} {[%emt 00:12:24]}
42. Bc2 {[%clk 00:18:24]} {[%emt 00:04:27]} 0-1

[Event "Tournoi International du Pays de Charleroi 2018"]
[Site "Roux, Belgium"]
[Date "2018.08.03"]
[Round "8.28"]
[White "Vanden Bussche, Steven"]
[Black "Uhoda, Philippe"]
[Result "1-0"]
[WhiteElo "2001"]
[BlackElo "2068"]

1. c4 {[%clk 01:30:58]} {[%emt 00:00:02]} g6 {[%clk 01:30:47]} {[%emt
00:00:13]} 2. g3 {[%clk 01:31:19]} {[%emt 00:00:09]} Bg7 {[%clk 01:31:11]}
{[%emt 00:00:05]} 3. Bg2 {[%clk 01:31:42]} {[%emt 00:00:08]} e5 {[%clk
01:31:12]} {[%emt 00:00:29]} 4. Nc3 {[%clk 01:32:04]} {[%emt 00:00:08]} Nc6
{[%clk 01:31:35]} {[%emt 00:00:07]} 5. e4 {[%clk 01:32:21]} {[%emt 00:00:13]}
d6 {[%clk 01:31:45]} {[%emt 00:00:20]} 6. Nge2 {[%clk 01:32:45]} {[%emt
00:00:06]} h5 {[%emt 00:00:52]} 7. h4 {[%clk 01:33:01]} {[%emt 00:00:11]} Bg4
{[%clk 01:30:37]} {[%emt 00:01:18]} 8. f3 {[%clk 01:33:13]} {[%emt 00:00:19]}
Be6 {[%clk 01:30:54]} {[%emt 00:00:12]} 9. d3 {[%clk 01:33:38]} {[%emt
00:00:06]} Qd7 {[%clk 01:26:31]} {[%emt 00:04:53]} 10. Bg5 {[%clk 01:31:14]}
{[%emt 00:02:53]} f6 {[%clk 01:24:03]} {[%emt 00:02:58]} 11. Be3 {[%clk
01:31:37]} {[%emt 00:00:08]} Nh6 {[%clk 01:24:14]} {[%emt 00:00:19]} 12. Nd5
{[%clk 01:31:09]} {[%emt 00:00:59]} Ne7 {[%clk 01:10:55]} {[%emt 00:13:47]} 13.
Qd2 {[%clk 01:29:20]} {[%emt 00:02:19]} Nf7 {[%clk 01:01:58]} {[%emt 00:09:28]}
14. Rd1 {[%clk 01:26:13]} {[%emt 00:10:06]} c6 {[%clk 01:01:44]} 15. Ndc3
{[%clk 01:25:45]} f5 {[%clk 00:58:23]} 16. b3 {[%clk 01:15:22]} {[%emt
00:09:57]} O-O {[%clk 00:57:01]} {[%emt 00:01:52]} 17. d4 {[%clk 01:13:38]}
{[%emt 00:02:13]} fxe4 {[%clk 00:57:20]} {[%emt 00:00:11]} 18. Nxe4 {[%clk
01:11:26]} {[%emt 00:02:43]} Nf5 {[%clk 00:52:44]} {[%emt 00:05:06]} 19. Bf2
{[%clk 01:04:34]} {[%emt 00:07:22]} exd4 {[%clk 00:41:56]} {[%emt 00:11:18]} 20.
Nxd4 {[%clk 01:02:37]} {[%emt 00:02:26]} Nxd4 {[%clk 00:31:46]} {[%emt
00:10:40]} 21. Bxd4 {[%clk 01:02:37]} {[%emt 00:00:30]} Ne5 {[%clk 00:21:11]}
{[%emt 00:11:05]} 22. Bxe5 {[%clk 00:51:24]} {[%emt 00:11:43]} Bxe5 {[%clk
00:21:31]} {[%emt 00:00:09]} 23. f4 {[%clk 00:51:48]} {[%emt 00:00:07]} Bg7
{[%clk 00:21:47]} {[%emt 00:00:14]} 24. Qxd6 {[%clk 00:51:02]} {[%emt
00:01:17]} Qxd6 {[%clk 00:20:06]} {[%emt 00:02:11]} 25. Rxd6 {[%clk 00:49:15]}
{[%emt 00:02:17]} Bf5 {[%clk 00:19:40]} {[%emt 00:00:56]} 26. Kf2 {[%clk
00:46:35]} {[%emt 00:03:10]} Rad8 {[%clk 00:14:38]} {[%emt 00:05:31]} 27. Rhd1
{[%clk 00:43:18]} {[%emt 00:03:47]} Rxd6 {[%clk 00:13:05]} {[%emt 00:02:04]} 28.
Rxd6 {[%clk 00:41:07]} {[%emt 00:02:40]} Kf7 {[%clk 00:12:15]} {[%emt
00:01:20]} 29. Rd2 {[%clk 00:36:10]} {[%emt 00:05:26]} Rb8 {[%clk 00:06:05]}
{[%emt 00:06:41]} 30. Ng5+ {[%clk 00:35:55]} {[%emt 00:00:46]} Ke7 {[%clk
00:05:01]} {[%emt 00:01:34]} 31. Be4 {[%clk 00:33:30]} {[%emt 00:02:55]} Bxe4
{[%clk 00:04:58]} {[%emt 00:00:32]} 32. Nxe4 {[%clk 00:33:52]} {[%emt
00:00:08]} b5 {[%clk 00:05:23]} {[%emt 00:00:05]} 33. c5 {[%clk 00:31:08]}
{[%emt 00:03:14]} Rd8 {[%clk 00:04:53]} {[%emt 00:01:00]} 34. Nd6 {[%clk
00:29:22]} {[%emt 00:02:16]} Bc3 {[%clk 00:04:15]} {[%emt 00:01:08]} 35. Re2+
{[%clk 00:29:36]} {[%emt 00:00:17]} Kd7 {[%clk 00:03:48]} {[%emt 00:00:57]} 36.
Re4 {[%clk 00:29:29]} {[%emt 00:00:35]} a5 {[%clk 00:04:04]} {[%emt 00:00:15]}
37. Kf3 {[%clk 00:21:56]} {[%emt 00:08:03]} Bb4 {[%clk 00:04:15]} {[%emt
00:00:19]} 38. Re5 {[%clk 00:14:58]} {[%emt 00:07:28]} Rf8 {[%clk 00:02:38]}
{[%emt 00:02:06]} 39. Rg5 {[%clk 00:14:02]} {[%emt 00:01:27]} Bxc5 {[%clk
00:01:57]} {[%emt 00:01:12]} 40. Ne4 {[%clk 00:14:14]} {[%emt 00:00:18]} Be7
{[%clk 00:02:04]} {[%emt 00:00:22]} 41. Rxg6 {[%clk 00:14:20]} {[%emt
00:00:25]} c5 {[%clk 00:29:18]} {[%emt 00:03:16]} 42. Ra6 {[%clk 00:44:14]}
{[%emt 00:00:35]} a4 {[%clk 00:29:38]} {[%emt 00:00:11]} 43. Nc3 {[%clk
00:40:06]} {[%emt 00:04:39]} axb3 {[%clk 00:29:28]} {[%emt 00:00:39]} 44. axb3
{[%clk 00:40:31]} {[%emt 00:00:05]} c4 {[%clk 00:26:24]} {[%emt 00:03:34]} 45.
Ra7+ {[%clk 00:38:27]} {[%emt 00:02:34]} Kd8 {[%clk 00:24:46]} {[%emt
00:02:07]} 46. bxc4 {[%clk 00:37:23]} {[%emt 00:01:35]} bxc4 {[%clk 00:25:04]}
{[%emt 00:00:12]} 47. Ra4 {[%clk 00:37:16]} {[%emt 00:00:37]} Rf5 {[%clk
00:22:32]} {[%emt 00:03:01]} 48. Rxc4 {[%clk 00:37:36]} {[%emt 00:00:11]} Ra5
{[%clk 00:22:47]} {[%emt 00:00:15]} 49. Ne4 {[%clk 00:36:25]} {[%emt 00:01:41]}
Ra3+ {[%clk 00:22:14]} {[%emt 00:01:02]} 50. Kg2 {[%clk 00:34:36]} {[%emt
00:02:18]} Ke8 {[%clk 00:22:06]} {[%emt 00:00:39]} 51. Rc6 {[%clk 00:34:13]}
{[%emt 00:00:53]} Ra4 {[%clk 00:20:51]} {[%emt 00:01:45]} 52. Ng5 {[%clk
00:34:29]} {[%emt 00:00:13]} Ra2+ {[%clk 00:20:53]} {[%emt 00:00:29]} 53. Kh3
{[%clk 00:34:24]} {[%emt 00:00:35]} Bf8 {[%clk 00:21:06]} {[%emt 00:00:17]} 54.
Rg6 {[%clk 00:34:09]} {[%emt 00:00:45]} Ra7 {[%clk 00:19:33]} {[%emt 00:02:03]}
55. Ne4 {[%clk 00:33:49]} {[%emt 00:00:50]} Re7 {[%clk 00:19:08]} {[%emt
00:00:55]} 56. Nd6+ {[%clk 00:33:10]} {[%emt 00:01:09]} Kd7 {[%clk 00:19:31]}
{[%emt 00:00:07]} 57. Rg8 {[%clk 00:32:55]} {[%emt 00:00:45]} Kxd6 {[%clk
00:19:13]} {[%emt 00:00:48]} 58. Rxf8 {[%clk 00:32:44]} {[%emt 00:00:40]} Rh7
{[%clk 00:18:33]} {[%emt 00:01:11]} 59. Re8 {[%clk 00:33:09]} {[%emt 00:00:05]}
Kd7 {[%clk 00:18:52]} {[%emt 00:00:11]} 60. Re5 {[%clk 00:33:32]} {[%emt
00:00:07]} Kd6 {[%clk 00:19:03]} {[%emt 00:00:19]} 61. Kg2 {[%clk 00:33:36]}
{[%emt 00:00:26]} Rh8 {[%clk 00:19:09]} {[%emt 00:00:24]} 62. Kf3 {[%clk
00:33:52]} {[%emt 00:00:15]} Rh7 {[%clk 00:19:23]} {[%emt 00:00:16]} 63. Ke4
{[%clk 00:32:31]} {[%emt 00:01:51]} Rg7 {[%clk 00:19:36]} {[%emt 00:00:16]} 64.
Rg5 {[%clk 00:32:52]} {[%emt 00:00:10]} Rh7 {[%clk 00:19:22]} {[%emt 00:00:43]}
65. Kf5 {[%clk 00:33:13]} {[%emt 00:00:10]} Ke7 {[%clk 00:19:37]} {[%emt
00:00:14]} 66. Kg6 {[%clk 00:33:29]} {[%emt 00:00:14]} Rh8 {[%clk 00:19:56]}
{[%emt 00:00:11]} 67. Kg7 {[%clk 00:33:46]} {[%emt 00:00:13]} 1-0

[Event "Tournoi International du Pays de Charleroi 2018"]
[Site "Roux, Belgium"]
[Date "2018.08.03"]
[Round "8.15"]
[White "De Weird, Matthias"]
[Black "Dauw, Sterre"]
[Result "0-1"]
[WhiteElo "1962"]
[BlackElo "2192"]

1. Nf3 {[%clk 01:30:58]} {[%emt 00:00:02]} Nf6 {[%clk 01:30:50]} {[%emt
00:00:10]} 2. d4 {[%clk 01:31:19]} {[%emt 00:00:09]} e6 {[%clk 01:29:55]}
{[%emt 00:01:25]} 3. g3 {[%clk 01:31:35]} {[%emt 00:00:14]} d5 {[%clk
01:28:29]} {[%emt 00:01:56]} 4. Bg2 {[%clk 01:31:58]} {[%emt 00:00:07]} Be7
{[%clk 01:28:55]} {[%emt 00:00:05]} 5. c4 {[%clk 01:31:36]} {[%emt 00:00:53]}
c6 {[%clk 01:29:16]} {[%emt 00:00:07]} 6. cxd5 {[%clk 01:31:57]} {[%emt
00:00:11]} exd5 {[%clk 01:29:37]} {[%emt 00:00:08]} 7. O-O {[%clk 01:32:21]}
{[%emt 00:00:06]} O-O {[%clk 01:30:01]} {[%emt 00:00:05]} 8. Nc3 {[%clk
01:32:43]} {[%emt 00:00:09]} Re8 {[%clk 01:26:20]} {[%emt 00:04:11]} 9. Bg5
{[%clk 01:28:56]} {[%emt 00:04:16]} Nbd7 {[%clk 01:26:07]} {[%emt 00:00:43]} 10.
Rc1 {[%clk 01:20:59]} {[%emt 00:08:26]} Ne4 {[%clk 01:17:15]} {[%emt 00:09:23]}
11. Bxe7 {[%clk 01:18:46]} {[%emt 00:02:43]} Qxe7 {[%clk 01:17:23]} {[%emt
00:00:22]} 12. e3 {[%clk 01:18:50]} {[%emt 00:00:26]} Qb4 {[%clk 01:14:44]}
{[%emt 00:03:10]} 13. Nxe4 {[%clk 01:14:40]} {[%emt 00:14:26]} dxe4 {[%clk
01:07:47]} 14. Nd2 {[%clk 01:15:04]} Nf6 {[%clk 01:07:57]} 15. Rc5 {[%clk
01:08:05]} {[%emt 00:05:36]} Bg4 {[%clk 01:02:45]} {[%emt 00:05:42]} 16. Qc2
{[%clk 01:04:27]} {[%emt 00:04:08]} Be2 {[%clk 01:02:02]} {[%emt 00:01:12]} 17.
a3 {[%clk 01:02:26]} {[%emt 00:02:32]} Qb6 {[%clk 01:01:44]} {[%emt 00:00:48]}
18. Nc4 {[%clk 01:02:50]} {[%emt 00:00:06]} Bxc4 {[%clk 01:02:08]} {[%emt
00:00:05]} 19. Rxc4 {[%clk 01:03:13]} {[%emt 00:00:08]} Re7 {[%clk 01:01:31]}
{[%emt 00:01:07]} 20. Rc1 {[%clk 00:55:27]} {[%emt 00:08:16]} Rae8 {[%clk
01:00:29]} {[%emt 00:01:32]} 21. b4 {[%clk 00:49:41]} {[%emt 00:06:16]} Nd5
{[%clk 00:52:27]} {[%emt 00:08:32]} 22. Rc5 {[%clk 00:49:10]} {[%emt 00:01:00]}
a6 {[%clk 00:51:49]} {[%emt 00:01:09]} 23. Rb1 {[%clk 00:47:45]} {[%emt
00:01:54]} g6 {[%clk 00:48:11]} {[%emt 00:04:07]} 24. a4 {[%clk 00:42:19]}
{[%emt 00:05:57]} Nxb4 {[%clk 00:47:02]} {[%emt 00:01:38]} 25. Qc3 {[%clk
00:36:50]} {[%emt 00:05:59]} a5 {[%clk 00:47:12]} {[%emt 00:00:21]} 26. Re5
{[%clk 00:36:58]} {[%emt 00:00:22]} Rxe5 {[%clk 00:46:11]} {[%emt 00:01:31]} 27.
dxe5 {[%clk 00:37:23]} {[%emt 00:00:05]} Qc7 {[%clk 00:46:37]} {[%emt
00:00:05]} 28. Bxe4 {[%clk 00:37:30]} {[%emt 00:00:23]} Qxe5 {[%clk 00:46:58]}
{[%emt 00:00:09]} 29. Qxe5 {[%clk 00:37:55]} {[%emt 00:00:04]} Rxe5 {[%clk
00:47:24]} {[%emt 00:00:05]} 30. Bg2 {[%clk 00:38:14]} {[%emt 00:00:09]} Kf8
{[%clk 00:47:07]} {[%emt 00:00:49]} 31. e4 {[%clk 00:37:41]} {[%emt 00:01:04]}
Rc5 {[%clk 00:43:11]} {[%emt 00:04:27]} 32. Bf1 {[%clk 00:37:33]} {[%emt
00:00:37]} Rc2 {[%clk 00:43:13]} {[%emt 00:00:28]} 33. Ra1 {[%clk 00:37:39]}
{[%emt 00:00:25]} Ke7 {[%clk 00:42:57]} {[%emt 00:00:46]} 34. Kg2 {[%clk
00:38:04]} {[%emt 00:00:05]} Ra2 {[%clk 00:42:22]} {[%emt 00:01:04]} 35. Rxa2
{[%clk 00:38:28]} {[%emt 00:00:06]} Nxa2 {[%clk 00:42:47]} {[%emt 00:00:05]} 36.
Bd3 {[%clk 00:38:25]} {[%emt 00:00:31]} Nc3 {[%clk 00:43:15]} {[%emt 00:00:04]}
37. Bc2 {[%clk 00:38:46]} {[%emt 00:00:09]} b5 {[%clk 00:43:36]} {[%emt
00:00:09]} 0-1

[Event "Tournoi International du Pays de Charleroi 2018"]
[Site "Roux, Belgium"]
[Date "2018.08.03"]
[Round "8.11"]
[White "Van Malder, Dries"]
[Black "Kulkarni, Rakesh"]
[Result "1/2-1/2"]
[BlackTitle "IM"]
[WhiteElo "2126"]
[BlackElo "2363"]

1. d4 {[%clk 01:30:56]} {[%emt 00:00:03]} Nf6 {[%clk 01:27:59]} {[%emt
00:03:01]} 2. c4 {[%clk 01:31:13]} {[%emt 00:00:13]} g6 {[%clk 01:28:19]}
{[%emt 00:00:12]} 3. Nc3 {[%clk 01:31:35]} {[%emt 00:00:07]} Bg7 {[%clk
01:28:43]} {[%emt 00:00:06]} 4. Nf3 {[%clk 01:31:57]} {[%emt 00:00:08]} O-O
{[%clk 01:28:22]} {[%emt 00:00:51]} 5. g3 {[%clk 01:32:20]} {[%emt 00:00:07]}
d6 {[%clk 01:28:47]} {[%emt 00:00:05]} 6. Bg2 {[%clk 01:32:41]} {[%emt
00:00:08]} Nc6 {[%clk 01:29:13]} {[%emt 00:00:06]} 7. O-O {[%clk 01:33:00]}
{[%emt 00:00:10]} a6 {[%clk 01:29:29]} {[%emt 00:00:15]} 8. Bf4 {[%clk
01:33:22]} {[%emt 00:00:07]} Rb8 {[%clk 01:28:24]} {[%emt 00:01:33]} 9. Rc1
{[%clk 01:24:00]} {[%emt 00:09:54]} b5 {[%clk 01:13:25]} {[%emt 00:15:29]} 10.
Nd5 {[%clk 01:07:32]} {[%emt 00:19:41]} bxc4 {[%clk 01:06:02]} {[%emt
00:05:09]} 11. Nxf6+ {[%clk 01:06:45]} {[%emt 00:01:16]} Bxf6 {[%clk 01:06:04]}
{[%emt 00:00:29]} 12. Rxc4 {[%clk 01:07:02]} {[%emt 00:00:13]} Na5 {[%clk
00:57:49]} {[%emt 00:08:46]} 13. Ra4 {[%clk 01:05:47]} {[%emt 00:01:45]} Nc6
{[%clk 00:58:10]} {[%emt 00:00:10]} 14. Rc4 {[%clk 01:04:49]} {[%emt 00:01:27]}
Na5 {[%clk 00:45:17]} {[%emt 00:13:24]} 15. Ra4 {[%clk 01:04:02]} {[%emt
00:01:16]} Nc6 {[%clk 00:43:51]} {[%emt 00:01:56]} 1/2-1/2

[Event "Tournoi International du Pays de Charleroi 2018"]
[Site "Roux, Belgium"]
[Date "2018.08.03"]
[Round "8.6"]
[White "Hoffmeister, Frank"]
[Black "Klinova, Masha"]
[Result "1/2-1/2"]
[BlackTitle "WGM"]
[WhiteElo "2170"]
[BlackElo "2298"]

1. d4 {[%clk 01:30:59]} d6 {[%clk 01:30:51]} {[%emt 00:00:06]} 2. e4 {[%clk
01:31:10]} {[%emt 00:00:22]} g6 {[%clk 01:31:12]} {[%emt 00:00:09]} 3. Nc3
{[%clk 01:31:03]} {[%emt 00:00:36]} Bg7 {[%clk 01:31:37]} {[%emt 00:00:06]} 4.
Be2 {[%clk 01:31:13]} {[%emt 00:00:20]} Nc6 {[%clk 01:29:18]} {[%emt 00:02:50]}
5. Be3 {[%clk 01:23:36]} {[%emt 00:08:06]} Nf6 {[%clk 01:26:51]} {[%emt
00:02:57]} 6. h4 {[%clk 01:17:15]} {[%emt 00:06:51]} h5 {[%clk 01:24:25]}
{[%emt 00:02:56]} 7. Nf3 {[%clk 01:17:21]} {[%emt 00:00:24]} O-O {[%clk
01:19:47]} {[%emt 00:05:07]} 8. O-O {[%clk 01:10:33]} {[%emt 00:07:19]} Bg4
{[%clk 01:09:43]} {[%emt 00:17:32]} 9. d5 {[%clk 01:05:00]} Bxf3 {[%clk
01:03:27]} {[%emt 00:05:51]} 10. Bxf3 {[%clk 01:05:12]} {[%emt 00:00:18]} Ne5
{[%clk 01:03:54]} {[%emt 00:00:03]} 11. Be2 {[%clk 01:05:35]} {[%emt 00:00:06]}
c6 {[%clk 01:04:21]} {[%emt 00:00:04]} 12. dxc6 {[%clk 01:03:19]} {[%emt
00:02:45]} bxc6 {[%clk 01:03:13]} {[%emt 00:01:39]} 13. Bd4 {[%clk 00:59:36]}
{[%emt 00:04:13]} Neg4 {[%clk 00:58:04]} {[%emt 00:05:39]} 14. Bxg4 {[%clk
00:52:53]} {[%emt 00:07:12]} Nxg4 {[%clk 00:57:29]} {[%emt 00:01:06]} 15. Bxg7
{[%clk 00:53:13]} {[%emt 00:00:10]} Kxg7 {[%clk 00:57:55]} {[%emt 00:00:03]} 16.
Qd2 {[%clk 00:48:37]} {[%emt 00:05:07]} Qb6 {[%clk 00:53:26]} {[%emt 00:04:59]}
17. b3 {[%clk 00:47:09]} {[%emt 00:01:57]} Rad8 {[%clk 00:51:04]} {[%emt
00:02:53]} 18. Rae1 {[%clk 00:44:44]} {[%emt 00:02:54]} e5 {[%clk 00:41:47]}
{[%emt 00:09:48]} 19. Kh1 {[%clk 00:33:43]} {[%emt 00:11:30]} Qc7 {[%clk
00:39:10]} {[%emt 00:03:08]} 20. f3 {[%clk 00:31:43]} {[%emt 00:02:29]} Nf6
{[%emt 00:03:34]} 1/2-1/2